| 000 | 00676cab a2200229 4500 | ||
|---|---|---|---|
| 001 | WB3409-09 | ||
| 008 | 090401t1998 xxu||||| |||| 00| 0 eng d | ||
| 035 | _a(Sirsi) u84688 | ||
| 041 | _aeng | ||
| 245 | _aCouncils to raise performance standards | ||
| 260 | _c1998 | ||
| 350 | _a0 | ||
| 490 |
_aFinancial Times _v3 March 1998, 10, 4 March 1998, 11(2) |
||
| 520 | _aCouncils are to provide `Best Value` in all services as part of a consultation programme launched by Government. | ||
| 650 | _aBEST VALUE | ||
| 650 | _aCCT | ||
| 650 | _aLOCAL AUTHORITIES | ||
| 650 | _aPERFORMANCE STANDARDS | ||
| 690 | _aECONOMIC AND SOCIAL | ||
| 942 | _n0 | ||
| 948 | _c05/03/1998 | ||
| 999 |
_c53253 _d53253 |
||